Magnetic resonance angiography: (Record no. 4187)
[ view plain ]
| 000 -LEADER | |
|---|---|
| fixed length control field | 00721nam a22002417a 4500 |
| 003 - CONTROL NUMBER IDENTIFIER | |
| control field | OSt |
| 005 - DATE AND TIME OF LATEST TRANSACTION | |
| control field | 20220107122746.0 |
| 008 - FIXED-LENGTH DATA ELEMENTS--GENERAL INFORMATION | |
| fixed length control field | 140526b xxu||||| |||| 00| 0 eng d |
| 020 ## - INTERNATIONAL STANDARD BOOK NUMBER | |
| International Standard Book Number | 9781441916853 |
| 040 ## - CATALOGING SOURCE | |
| Transcribing agency | IIITM-K |
| 082 ## - DEWEY DECIMAL CLASSIFICATION NUMBER | |
| Classification number | 616.1307548 CAR/M |
| 245 ## - TITLE STATEMENT | |
| Title | Magnetic resonance angiography: |
| Remainder of title | Principles and applications |
| Statement of responsibility, etc. | edited by James C Carr; Timothy J Carroll |
| 260 ## - PUBLICATION, DISTRIBUTION, ETC. | |
| Place of publication, distribution, etc. | New York, |
| Name of publisher, distributor, etc. | Springer, |
| Date of publication, distribution, etc. | 2012. |
| 300 ## - PHYSICAL DESCRIPTION | |
| Extent | xvii, 412p. |
| 650 ## - SUBJECT ADDED ENTRY--TOPICAL TERM | |
| Topical term or geographic name entry element | MAGNETIC RESONANCE IMAGING |
| 9 (RLIN) | 5225 |
| 650 ## - SUBJECT ADDED ENTRY--TOPICAL TERM | |
| Topical term or geographic name entry element | MRI |
| 9 (RLIN) | 5226 |
| 650 ## - SUBJECT ADDED ENTRY--TOPICAL TERM | |
| Topical term or geographic name entry element | ANGIOGRAPHY |
| 9 (RLIN) | 5227 |
| 650 ## - SUBJECT ADDED ENTRY--TOPICAL TERM | |
| Topical term or geographic name entry element | MAGNETIC RESONANCE ANGIOGRAPHY |
| 9 (RLIN) | 5228 |
| 650 ## - SUBJECT ADDED ENTRY--TOPICAL TERM | |
| Topical term or geographic name entry element | MRA |
| 9 (RLIN) | 5229 |
| 700 ## - ADDED ENTRY--PERSONAL NAME | |
| Personal name | Carr, James C |
| 9 (RLIN) | 5230 |
| 700 ## - ADDED ENTRY--PERSONAL NAME | |
| Personal name | Carroll, Timothy J |
| 9 (RLIN) | 5231 |
| 942 ## - ADDED ENTRY ELEMENTS (KOHA) | |
| Source of classification or shelving scheme | Dewey Decimal Classification |
| Koha item type | Books |
| Withdrawn status | Lost status | Source of classification or shelving scheme | Damaged status | Not for loan | Collection code | Home library | Current library | Shelving location | Date acquired | Cost, normal purchase price | Total Checkouts | Total Renewals | Full call number | Barcode | Date last seen | Date last checked out | Price effective from | Koha item type |
|---|---|---|---|---|---|---|---|---|---|---|---|---|---|---|---|---|---|---|
| Dewey Decimal Classification | Medical Imaging | Kerala University of Digital Sciences, Innovation and Technology Knowledge Centre | Kerala University of Digital Sciences, Innovation and Technology Knowledge Centre | Medicine | 26/05/2014 | 9336.00 | 8 | 6 | 616.1307548 CAR/M | 3853 | 27/05/2025 | 10/04/2025 | 26/05/2014 | Books |